000 00874nam a2200241Ia 4500
003 OSt
005 20220923225322.0
006 a|||||r|||| 00| 0
007 ta
008 220922b |||||||| |||| 00| 0 hin d
024 _a263,471
037 _cTextual
040 _aARTS
_cARTS
_bhin
041 _2hin
_ahin
082 _aDelta:86270bL:4, M4
100 _aचतुर्वेदी, शुकदेव प्रसाद
_9158744
245 0 _aज्योतिष शास्त्र में रोगविचार
246 _aJyotiṣh shāstra mean rogavichāra
260 _aदिल्ली
_b मोतीलाल बनारसीदास
_c1984
300 _a240पृ.
_ccm.
942 _hDelta:86270bL:4, M4
_cTEXL
_2CC
999 _c377564
_d377564